000 00785nam a22002297a 4500
003 UA-OsUOA
001 84468
007 ta
008 20120601b un ||||| |||| 00| 0 ukr d
090 _a347.965(094)
_bН34
942 _cBK
040 _aUA-OsUOA
_bukr
_cUA-OsUOA
_dUA-OsUOA
245 _aНауково-практичний коментар Закону України "Про адвокатуру"
_bстаном на 18.04.2011 р.
_cза заг. ред. Стеценка С.Г., Руснака Ю.І.
300 _a360 с.
955 _a1
041 _aukr
080 _a347.965(094)
020 _a978-966-370-155-4
260 _aК.
_bВД "Професіонал"
_c2011
650 7 _a347 Цивільне право. Судовий устрій
_2UDC
999 _c370787
_d370787